| 000 | 00996cab a2200217 4500 | ||
|---|---|---|---|
| 001 | ABS38187 | ||
| 008 | 090401t1987 xxu||||| |||| 00| 0 eng d | ||
| 035 | _a(Sirsi) u9087 | ||
| 041 | _aeng | ||
| 100 | _aRank, P. | ||
| 245 | 4 | _aThe high life? | |
| 260 | _c1987 | ||
| 350 | _a0 | ||
| 490 |
_aSolicitors` Journal _v131(37) 11 September 1987, 1202-1205(4) |
||
| 520 | _aA detailed examination of the effect of the Landlord and Tenant Act 1987 on tenants living in privately owned blocks of flats . Looks at each part of the Act in turn, outlining tenants` rights of first refusal to buy their landlord`s interest, protection for tenants, appointment of managers, variation of leases and obligations of the landlord. Concludes with a summary of both the pitfalls and the positive side of the Act. | ||
| 650 | _aFREEHOLD FLATS | ||
| 650 | _aNUGEE REPORT | ||
| 690 | _aPROPERTY-RESIDENTIAL PROPERTY-RESIDENTIAL LANDLORD AND TENANT-RESIDENTIAL TENANCIES | ||
| 942 | _n0 | ||
| 948 | _c04/03/1997 | ||
| 999 |
_c5631 _d5631 |
||